00320nam a2200121Ia 4500008004100000041000800041082001700049100001500066245004300081260003700124300003000161365000700191240624s9999 xx 000 0 und d aeng a658.4092 HIC aHICKS GREG aLEADERSHOCK AND HOW TO TRIUMPH OVER IT c2003aNew DelhibTata McGrawhill axi, : 191 : p. : cm. ; 20 cRS